Estimating construction costs /
Introduction; Cost of construction labor and equipment; Handling and transporting material; Earthwork and excavation; Highways and pavements; Piling and bracing; Concrete structures; Floor finishes; Floor systems..
Na minha lista:
| Autor principal: | |
|---|---|
| Outros Autores: | |
| Formato: | Livro |
| Idioma: | English |
| Publicado em: |
Boston, Mass. :
McGraw-Hill,
1989.
|
| Edição: | 4th ed. |
| Assuntos: | |
| Tags: |
Adicionar Tag
Sem tags, seja o primeiro a adicionar uma tag!
|
| Thư viện lưu trữ: | Mạng thư viện Đại học Đà Nẵng |
|---|
| LEADER | 01417cam a2200385 a 4500 | ||
|---|---|---|---|
| 001 | 000046466 | ||
| 003 | 5936 | ||
| 005 | 20060608110304.0 | ||
| 008 | 010220b1989 vm 000 eng | ||
| 020 | |a 0070497400 | ||
| 040 | |a IRC |c IRC |d IRC | ||
| 041 | 0 | |a eng | |
| 082 | 1 | 4 | |a 692.5 |b PE-R |
| 100 | 1 | |a Peurifoy, R. L. |q (Robert Leroy), |d 1902- | |
| 245 | 1 | 0 | |a Estimating construction costs / |c R. L. Peurifoy, G.D. Oberlender. |
| 250 | |a 4th ed. | ||
| 260 | |a Boston, Mass. : |b McGraw-Hill, |c 1989. | ||
| 300 | |a xvi, 473 p. : |b ill. ; |c 24 cm. | ||
| 500 | |a Includes index. | ||
| 520 | 3 | |a Introduction; Cost of construction labor and equipment; Handling and transporting material; Earthwork and excavation; Highways and pavements; Piling and bracing; Concrete structures; Floor finishes; Floor systems.. | |
| 630 | 0 | 4 | |a Building. |
| 650 | 0 | 4 | |a Building |x Estimates |z United States. |
| 700 | 1 | |a Oberlender, Garold D. | |
| OWN | |a DUT | ||
| AVA | |a UDN50 |b DUT |c Book |d 692.5 PE-R |e available |t Error 5001 Not defined in file expand_doc_bib_avail. |f 2 |g 0 |h N |i 0 |j SH |k 1 | ||
| 999 | |a From the UDN01 | ||
| AVA | |a UDN50 |b DUT |c Book |d 692.5 PE-R |e available |t Error 5001 Not defined in file expand_doc_bib_avail. |f 2 |g 0 |h N |i 0 |j SH |k 1 | ||
| TYP | |a Monograph | ||
| TYP | |a Printed language | ||
| 980 | |a Mạng thư viện Đại học Đà Nẵng | ||


